Descriptions of new birds from mt. Duida, Venezuela (Registro nro. 10181)

Detalles MARC
000 -CABECERA
Campo de control 004650000a22001570004500
090 ## - CLASIFICACIÓN LOCAL
Colección AR
Consecutivo 01095
041 0# - IDIOMA
Código de idioma para texto/pista de sonido o título separado
100 1# - ASIENTO PRINCIPAL--NOMBRE PERSONAL
Nombre personal Chapman, Frank M.
245 10 - MENCION DE TITULO
Título Descriptions of new birds from mt. Duida, Venezuela
650 14 - ASIENTO SECUNDARIO DE MATERIA - TERMINO TEMATICO
Término temático o nombre geográfico como elemento de entrada Aves
650 14 - ASIENTO SECUNDARIO DE MATERIA - TERMINO TEMATICO
Término temático o nombre geográfico como elemento de entrada Nuevas especies
650 14 - ASIENTO SECUNDARIO DE MATERIA - TERMINO TEMATICO
Término temático o nombre geográfico como elemento de entrada Taxonomía animal
651 #4 - ASIENTO SECUNDARIO DE MATERIA - NOMBRE GEOGRAFICO
-- Cerro Duida
-- Atabapo
-- Venezuela
773 1# - Item fuente:
Título American Museum Novitates
Especificación de materiales 183
Descripción física 380
Paginas del Articulo 1-16
Lugar, editorial y fecha de publicación 1929
942 ## - ELEMENTOS ADICIONALES (KOHA)
Tipo de ítem Artículo
Existencias
Withdrawn status Lost status Damaged status No para préstamo Colección Ubicación Permanente Ubicación actual Fecha de adquisición Fuente de Valor Datos de publicación Seriada Total Checkouts Número topográfico Inventario / Código de Barras Date last seen Ejemplar Price effective from Forma de adquisición Tipo de material
      No para Préstamo Hemeroteca Bogotá Bogotá 27/02/2015 Muñoz Saba, Yaneth Fuera de circulación   AR 01095 011431 25/03/2015 1 25/03/2015   Artículo